[Event "SLO-ch U10"]
[Site "Postojna"]
[Date "2008.02.27"]
[Round "5"]
[White "Feltrin, Kris"]
[Black "Agic, Alen"]
[Result "0-1"]
[WhiteElo "1500"]
[BlackElo "1500"]
[PlyCount "88"]
[EventDate "2008.02.24"]
[EventType "swiss"]
[EventRounds "9"]
[EventCountry "SLO"]
[SourceTitle "EXT 2010"]
[Source "ChessBase"]
[SourceDate "2010.11.25"]
[SourceVersion "1"]
[SourceVersionDate "2010.11.25"]
[SourceQuality "1"]

1. e4 e5 2. Nf3 Nc6 3. Bb5 Bd6 4. 0-0 Nf6 5. Nc3 0-0 6. a3 a6 7. Bxc6 bxc6 8. d4 exd4 9. Nxd4 h6 10. Nf3 Bc5 11. h3 d5 12. exd5 cxd5 13. b4 Ba7 14. Re1 d4 15. Ne2 Bb7 16. Nfxd4 Qd5 17. f3 Rae8 18. Bb2 Nh5 19. Qd2 c5 20. bxc5 Bxc5 21. Rad1 Qa2 22. Qc3 Qd5 23. Qb3 Qd7 24. g4 Nf6 25. Kg2 Qc8 26. Qc3 Nd5 27. Qb3 Qd8 28. Nf5 Ba8 29. Bxg7 Qa5 30. Bxf8 Kxf8 31. Nxh6 Re7 32. Qd3 Rxe2+ 33. Rxe2 Nf4+ 34. Kg3 Nxd3 35. Rxd3 Qc7+ 36. Kg2 Ba7 37. Red2 Kg7 38. Nf5+ Kh7 39. Rd8 Bb8 40. Re8 Qh2+ 41. Kf1 Qxd2 42. Rxb8 Bxf3 43. Rf8 Qe2+ 44. Kg1 Qg2# 0-1